00409nam a22001337a 450000500170000000800410001704100140005808200130007210000120008524500350009726000860013230000310021865000260024920240520082437.0240520b |||||||| |||| 00| 0 eng d aLanguage  a349 LAW  lEnglish aThe Law Reports: Appeal Cases  aLondon: bThe Incorporated Council of Law Reporting for England and Wales, c1943 bviii, 652 pages; c25 cm.  aLegal practice bLaw